01199nam a2200277Ia 450000500170000000800410001702000150005808200200007311000520009324501290014525000190027430000430029350001290033660000600046561000680052565000590059370000300065270000370068294200130071926400510073233600270078333700330081033800280084304000350087199900150090620220317001234.0160825s2000 ck a g 000 0 spa  a958664035304aR 708.074bB31f2 aBiblioteca Luis Ángel Arango. Bogotá96804210aFanny Sanín 1987 -1999bcolor y simetriacBiblioteca Luis Ángel Arango ; textos de Germán Rubiano, José Ignacio Roca a1a. edición  a105 páginas bilustraciones c21 cm  aExposición realizada entre marzo 8 a junio 11 de 2000. Incluye biografía de Fanny Sanín. Texto en español e inglés14aSanin, Fanny d1938-vExposicionesvCatálogos 9680432 aBiblioteca Luis Ángel Arango (Bogotá)vExposiciones 968044142LEMBaPintura colombiana vExposicionesvCatálogos 1 aRubiano, Germán 9680461 aStrong, Jim Sasson, Mayer968047 2ddccREF aBogotábBiblioteca Luis Ángel Arangoc2000 atextobtxt2rdacontent asin mediaciónbn2rdamedia avolumenbnc2rdacarrier aCO-BoRNBPbspaerdacCO-BoRNBP c6349d6349